[Event "Tata Steel Tienkampen 2023"]
[Site "Wijk aan Zee"]
[Date "2023.01.22"]
[Round "3.2"]
[White "Zwirs, Nico"]
[Black "Pham, Khoi"]
[Result "1-0"]
[WhiteElo "2467"]
[BlackElo "2353"]
[Annotator "TA"]
[PlyCount "131"]
[EventDate "2023.01.20"]
[EventType "swiss"]
[EventCountry "NED"]
[SourceTitle "playchess.com"]
[Source "ChessBase"]
[SourceQuality "1"]

{[%evp 16,131,37,5,11,8,0,0,0,14,10,4,11,6,18,8,0,5,0,0,43,35,54,51,35,42,44,32,56,35,35,14,27,12,15,12,38,13,12,16,40,22,221,95,108,101,66,69,182,69,81,68,73,74,63,77,73,0,52,0,68,48,41,43,41,0,30,0,43,45,86,73,155,157,155,155,162,160,179,155,180,131,166,166,166,149,269,266,301,293,288,295,286,273,270,235,549,544,553,455,2410,1934,29957,29958,29958,29959,29961,29963,29963,29964,29964,29965,29965,29964,29965,29964,5539,5539]} 1. e4 c5 {[%emt 0:00:06]} 2. Nf3 {[%emt 0:00:04][%cal Bg1f3,Bf3d4,Bd4b5,Bb5a3,Ba3b1][%mdl 32]} Nc6 {[%emt 0:00:13]} 3. d4 {[%emt 0:00:11]} cxd4 {[%emt 0:00:05]} 4. Nxd4 {[%emt 0:00:05]} Nf6 {[%emt 0:00:05]} 5. Nc3 {[%emt 0:00:05]} e5 {[%emt 0:00:05]} 6. Ndb5 {[%emt 0:00:11]} d6 {[%emt 0:00:11]} 7. Bg5 {[%emt 0:00:15]} a6 {[%emt 0:00:19]} 8. Na3 {[%emt 0:00:14]} b5 {[%emt 0:00:12][%cal Bb7b5,Bb5b4][%mdl 32]} 9. Nab1 {[%emt 0:01:05]} Be7 {[%emt 0:06:56] B33: Sicilian: Pelikan and Sveshnikov Variations.} 10. Bxf6 $1 {[%emt 0:00:08]} Bxf6 {[%emt 0:00:14]} 11. a4 {[%emt 0:00:07]} b4 {[%emt 0:06:15] The position is equal.} 12. Nd5 {[%emt 0:00:13]} Be6 {[%emt 0:03:26]} 13. Bc4 {[%emt 0:01:01]} O-O {[%emt 0:03:11]} 14. O-O {[%emt 0:00:11]} Bg5 {[%emt 0:03:41]} 15. c3 {[%emt 0:00:26]} Qa5 {[%emt 0:20:08]} 16. cxb4 {[%emt 0:20:10]} Nxb4 {[%emt 0:00:10]} 17. Nbc3 {[%emt 0:00:04] [#]} Rac8 $146 {[%emt 0:09:29]} ({Predecessor:} 17... Qc5 18. Qe2 a5 19. Rad1 g6 20. Nb5 Kg7 21. b3 Bxd5 22. Bxd5 Rad8 {½-½ Khubukshanov,E (2386)-Yagupov,I (2270) Cheliabinsk Panchenko Memorial op-A 2022 (6)}) 18. b3 {[%emt 0:03:55]} Bxd5 {[%emt 0:04:09]} 19. Nxd5 {[%emt 0:00:50]} Nxd5 {[%emt 0:00:13]} 20. Bxd5 {[%emt 0:13:24]} Bd2 {[%emt 0:10:49]} 21. Qe2 {[%emt 0:09:29]} Bc3 {[%emt 0:16:13]} 22. Rac1 {[%emt 0:02:43]} Bd4 {[%emt 0:00:24]} 23. Bc4 {[%emt 0:02:13]} Ra8 {[%emt 0:04:17]} 24. Rc2 {[%emt 0:19:49]} Qb6 {[%emt 0:01:34]} 25. Rfc1 {[%emt 0:00:24][%cal Bf1c1,Bc1d1,Bd1d3,Bd3h3][%mdl 32]} Bc5 {[%emt 0:01:45]} 26. Rd1 {[%emt 0:00:19]} a5 {[%emt 0:01:28] Black is weak on the light squares} 27. Rd3 {[%emt 0:00:34]} g6 {[%emt 0:02:50]} 28. Qd2 {[%emt 0:10:32] Qh6 would be deadly.} Qd8 $2 {[%emt 0:10:56] [#]} (28... Kh8 $11) 29. Bd5 {[%emt 0:08:56]} (29. Bxf7+ $1 $18 Rxf7 30. Rxc5 {[%mdl 64] Pin}) 29... Rc8 $16 {[%emt 0:01:11] [#]} 30. Rh3 $1 {[%emt 0:01:31] White threatens Qh6 and mate.} Qf6 {[%emt 0:01:24]} 31. Rf3 $1 {[%emt 0:00:28]} (31. Qxa5 Bxf2+ 32. Kf1 Bg3+ 33. Kg1 Rxc2) (31. Qh6 Qg7 $11) 31... Qg7 {[%emt 0:00:26]} (31... Qh4 $1 $14) 32. Rc4 {[%emt 0:05:45]} ({White must play} 32. Qxa5 $18 {And now Rc4 would win.} Kh8 33. Qa6) 32... Bb4 $14 {[%emt 0:01:15]} 33. Qc2 {White has more active pieces.} Bc5 {[%emt 0:01:13]} 34. Qc3 {[%emt 0:05:47]} Bb4 {[%emt 0:00:09]} 35. Qc1 {[%emt 0:00:07]} Bc5 {[%emt 0:00:17]} 36. Qc3 {[%emt 0:04:49]} Bb4 {[%emt 0:00:04]} 37. Qc1 {[%emt 0:00:03]} Bc5 {[%emt 0:00:04]} 38. Qe1 {[%emt 0:02:22]} Bb4 {[%emt 0:00:05]} 39. Qe2 $36 {[%emt 0:00:33][%cal Of3f7][%mdl 2048] Rxf7! is the strong threat. Black is under pressure.} Bc5 {[%emt 0:00:21]} 40. Qe1 {[%emt 0:00:22]} Bb4 {[%emt 0:00:13]} 41. Qe2 {[%emt 0:05:26][%cal Of3f7]} Bc5 $1 {[%emt 0:00:43]} 42. g3 {[%emt 0:05:22]} Kh8 {[%emt 0:04:30]} 43. Qd2 {[%emt 0:06:54] Black is on the road to losing.} f5 {[%emt 0:12:22]} (43... Bb4 $142 44. Rxb4 axb4) 44. Qxa5 $16 {[%emt 0:13:16]} fxe4 {[%emt 0:00:19]} 45. Rxf8+ {[%emt 0:00:26]} (45. Bxe4 Rxf3 46. Bxf3 Rf8 $16) 45... Qxf8 {[%emt 0:04:05]} 46. Qd2 {[%emt 0:05:36]} (46. Rxe4 $2 Qxf2+ 47. Kh1 Qg1#) 46... e3 {[%emt 0:09:27]} 47. fxe3 {[%emt 0:00:04]} Qf5 {[%emt 0:01:58]} 48. Qf2 {[%emt 0:02:24]} (48. a5 $18) 48... Rf8 {[%emt 0:01:14]} 49. Qxf5 {[%emt 0:00:04][%cal Rf5f8]} Bxe3+ {[%emt 0:00:36]} 50. Kf1 {[%emt 0:00:15][%cal Rf5f8]} gxf5 {[%emt 0:02:15][%mdl 4096] Endgame KRB-KRB} (50... Rxf5+ $16 {is a better defense.} 51. Ke2 Bg1) 51. Ke2 {[%emt 0:00:36]} Bg1 {[%emt 0:00:06]} 52. a5 {[%emt 0:01:41]} Rb8 {[%emt 0:01:32][%cal Ob8b5]} 53. b4 {[%emt 0:01:02][%cal Bb3b4,Bb4c5,Bc5c6][%mdl 32]} Kg7 {[%emt 0:00:39]} 54. Rc7+ {[%emt 0:00:21]} Kf6 {[%emt 0:00:05]} 55. Bb7 {[%emt 0:02:20]} (55. Rxh7 Rxb4 56. Rh6+ Ke7 $11) 55... d5 $2 {[%emt 0:03:19]} (55... Rg8 56. Rc1 (56. Rxh7 Rg4 $16) 56... Rg7) 56. a6 {[%emt 0:00:06]} (56. Bxd5 Rxb4 57. Rf7+ (57. Rxh7 Rb5 $11) 57... Kg6 $11) 56... e4 {[%emt 0:00:28]} 57. Rc5 {[%emt 0:01:27][%mdl 64] Promotion} (57. Bxd5 Rxb4 58. a7 (58. Rxh7 Ra4 $11) (58. Rf7+ Ke5 $11) 58... Rb2+ 59. Kf1 Bxa7 $14) 57... Bxc5 {[%emt 0:04:10]} (57... Bxh2 $2 58. a7 Bxg3 59. Rc8 Rxc8 60. Bxc8) (57... Re8 $142 58. a7 Bxc5 59. bxc5 (59. a8=B $2 {is the wrong capture.} Bxb4 60. Bxd5 Rd8 $19) 59... Ke6) 58. bxc5 $18 {[%emt 0:00:01] KR-KB} Ke5 {[%emt 0:01:58]} 59. c6 {[%emt 0:01:22]} Kd6 {[%emt 0:00:21]} 60. a7 {[%emt 0:00:05]} Rf8 {[%emt 0:00:31]} 61. a8=Q {[%emt 0:01:01]} (61. a8=B $2 {perishes.} Kc7 62. Ke3 Re8 $19) 61... Rxa8 {[%emt 0:00:04]} 62. Bxa8 {[%emt 0:00:03]} d4 {[%emt 0:00:07]} 63. Bb7 {[%emt 0:00:08]} Kc7 {[%emt 0:00:36]} 64. Kd2 {[%emt 0:00:23]} h6 {[%emt 0:00:58]} 65. Kc2 {[%emt 0:00:20]} Kb6 {[%emt 0:00:27]} 66. Kb3 {[%emt 0:00:50] Weighted Error Value: White=0.15 (very precise) /Black=0.38} 1-0

[Event "Tata Steel Tienkampen 2023"]
[Site "Wijk aan Zee"]
[Date "2023.01.22"]
[Round "3.3"]
[White "Martins, Vinicius Tine"]
[Black "De Winter, Arthur"]
[Result "1/2-1/2"]
[WhiteElo "2320"]
[BlackElo "2371"]
[Annotator "TA"]
[PlyCount "76"]
[EventDate "2023.01.20"]
[EventType "swiss"]
[EventCountry "NED"]
[SourceTitle "playchess.com"]
[Source "ChessBase"]
[SourceQuality "1"]

{[%evp 18,76,25,22,18,0,22,31,30,0,0,0,0,-4,-2,-9,-11,-22,-14,-14,-10,-10,8,0,22,0,5,-12,-10,-64,-40,-46,0,0,0,0,0,0,3,4,6,0,0,-44,6,0,0,0,0,0,0,0,0,0,0,0,0,0,0,-3,-3]} 1. Nf3 {[%emt 0:01:20]} Nf6 {[%emt 0:00:03]} 2. c4 {[%emt 0:00:10]} g6 {[%emt 0:00:02]} 3. b3 {[%emt 0:00:20]} Bg7 {[%emt 0:01:01]} 4. Bb2 {[%emt 0:00:03]} O-O {[%emt 0:02:02]} 5. g3 {[%emt 0:00:08]} d6 {[%emt 0:00:44]} 6. Bg2 {[%emt 0:00:18]} e5 {[%emt 0:00:10]} 7. d3 {[%emt 0:00:52]} c5 {[%emt 0:01:18]} 8. O-O {[%emt 0:00:50]} Nc6 {[%emt 0:00:02]} 9. Nc3 {[%emt 0:00:51]} h6 {[%emt 0:01:17]} 10. Nd2 {[%emt 0:04:14]} Be6 {[%emt 0:02:11] A38: Symmetrical English vs ...g6: 4 Bg2 Bg7 5 Nf3 Nf6.} 11. Nd5 {[%emt 0:04:04]} Bxd5 {[%emt 0:14:57]} 12. cxd5 {[%emt 0:00:16]} Nb4 {[%emt 0:00:15] White is slightly better.} 13. Ne4 {[%emt 0:14:39]} Nfxd5 {[%emt 0:02:42]} 14. Nd2 {[%emt 0:00:13] [#] a3 is the strong threat.} e4 $146 {[%emt 0:13:50][%mdl 64] [#] Discovered Attack} ({Predecessor:} 14... Ne7 15. Bxb7 Rb8 16. Bg2 a5 17. Nc4 Qc7 18. e4 Nec6 19. Qd2 Rfd8 20. f4 exf4 21. Bxg7 Kxg7 22. gxf4 {1-0 Swayams,M (2478)-Nandhidhaa,P (2314) Karlsruhe Grenke op 2019 (8)}) 15. Bxg7 {[%emt 0:07:51]} Kxg7 {[%emt 0:00:36]} 16. Nxe4 {[%emt 0:05:48]} f5 {[%emt 0:08:00]} 17. a3 $1 {[%emt 0:00:10]} Nc6 $36 {[%emt 0:02:03][%mdl 2048] White is under pressure.} (17... fxe4 {is more complex.} 18. axb4 Nc3 19. Qd2 cxb4 20. dxe4 a5) 18. Ng5 {[%emt 0:06:38] White is weak on the dark squares} hxg5 {[%emt 0:13:53]} 19. Bxd5 {[%emt 0:00:03]} Rc8 {[%emt 0:03:26]} 20. Qd2 {[%emt 0:26:38]} Qf6 {[%emt 0:08:57]} 21. b4 {[%emt 0:17:02]} b6 {[%emt 0:03:31]} 22. Bxc6 {[%emt 0:03:58]} Rxc6 {[%emt 0:00:04]} 23. b5 {[%emt 0:02:10]} ({Better is} 23. e3 $11) 23... Rc7 $15 {[%emt 0:00:12]} 24. a4 {[%emt 0:00:15]} a5 {[%emt 0:08:23]} (24... f4 $15) 25. bxa6 $11 {[%emt 0:01:03] Black must now prevent Rab1.} Ra8 {[%emt 0:00:08]} 26. Rfb1 {[%emt 0:02:58]} Rxa6 {[%emt 0:00:28][%cal Ob6b5]} 27. Ra2 {[%emt 0:00:33]} Rca7 {[%emt 0:04:27]} 28. Rab2 {[%emt 0:00:29]} d5 {[%emt 0:02:06]} 29. Qc1 {[%emt 0:01:51][%cal Oa4a5]} Rc7 {[%emt 0:02:12]} 30. d4 {[%emt 0:03:42][%mdl 64] [#] Deflection} Qxd4 {[%emt 0:02:47]} (30... c4 $15) 31. Rxb6 {[%emt 0:01:21] The position is equal.} Rxb6 {[%emt 0:00:40]} 32. Rxb6 $15 {[%emt 0:00:01][%mdl 4096] Endgame KQR-KQR} c4 {[%emt 0:00:49]} 33. a5 {[%emt 0:00:49]} f4 $1 {[%emt 0:00:37]} 34. Qb1 {[%emt 0:02:26]} (34. Qc2 $5 Qe4 $8 35. Qxe4 dxe4 36. a6 $11) 34... Qe4 {[%emt 0:00:26]} 35. Qxe4 {[%emt 0:02:52]} dxe4 {[%emt 0:00:03]} 36. gxf4 {[%emt 0:00:40]} c3 {[%emt 0:02:24] ( -> ...c2)} 37. Rb1 {[%emt 0:00:08]} gxf4 {[%emt 0:00:16]} 38. Kg2 {[%emt 0:00:52]} Kf6 {[%emt 0:01:29] Weighted Error Value: White=0.09 (flawless) /Black=0.07 (flawless)} 1/2-1/2

[Event "Tata Steel Tienkampen 2023"]
[Site "Wijk aan Zee"]
[Date "2023.01.22"]
[Round "3.4"]
[White "Pijpers, Arthur"]
[Black "Culum, Sanjin"]
[Result "1-0"]
[WhiteElo "2445"]
[BlackElo "2242"]
[Annotator "TA"]
[PlyCount "99"]
[EventDate "2023.01.20"]
[EventType "swiss"]
[EventCountry "NED"]
[SourceTitle "playchess.com"]
[Source "ChessBase"]
[SourceQuality "1"]

{[%evp 14,99,27,18,19,17,22,22,25,8,14,12,33,21,34,32,37,41,41,41,41,41,20,17,14,0,41,25,27,0,0,0,0,0,0,0,0,-20,29,0,0,0,0,0,0,0,0,0,0,0,0,0,0,0,32,27,16,-31,120,109,142,110,133,0,0,0,112,91,454,457,968,967,1162,1116,1097,954,1244,843,29979,29980,29978,29980,29989,29990,29990,29985,29991,29992]} 1. e4 {[%emt 0:00:02]} c5 {[%emt 0:00:15]} 2. Nf3 {[%emt 0:00:05]} Nc6 {[%emt 0:00:03]} 3. Bb5 {[%emt 0:00:05]} g6 {[%emt 0:00:12]} 4. O-O {[%emt 0:00:06]} Bg7 {[%emt 0:00:02]} 5. Bxc6 {[%emt 0:00:07]} dxc6 {[%emt 0:02:30]} 6. d3 {[%emt 0:00:11]} Nf6 {[%emt 0:00:03][%cal Bg8f6,Bf6e8,Be8c7,Bc7e6][%mdl 32]} 7. Re1 {[%emt 0:00:07]} O-O {[%emt 0:01:25]} 8. h3 {[%emt 0:00:07]} Ne8 {[%emt 0:01:33] B31: Sicilian: 2...Nc6 3 Bb5 g6.} 9. e5 {[%emt 0:00:09]} Nc7 {[%emt 0:00:41]} 10. a4 {[%emt 0:00:12] is the legacy move (10.Nbd2).} a5 {[%emt 0:03:57] The position is equal.} 11. Be3 {[%emt 0:01:36]} Ne6 {[%emt 0:00:40] [#]} 12. Qc1 $146 {[%emt 0:08:03]} ({Predecessor:} 12. Nbd2 b6 13. Qc1 Nd4 14. Qd1 h6 15. Nh4 g5 16. Nhf3 Nf5 17. Nc4 Be6 18. Bd2 {½-½ Bernal Varela,N (2396)-Marciz,A (2402) SM-2018-0-00396}) 12... Re8 {[%emt 0:22:21]} 13. Nbd2 {[%emt 0:14:54]} b6 {[%emt 0:11:33]} 14. Ne4 {[%emt 0:04:57]} Nd4 {[%emt 0:10:12]} 15. Bxd4 {[%emt 0:00:13]} cxd4 {[%emt 0:00:05]} 16. Qf4 {[%emt 0:00:05]} Qd5 {[%emt 0:00:43]} 17. Re2 {[%emt 0:19:26]} h6 {[%emt 0:05:50]} 18. Rae1 {[%emt 0:11:28]} Be6 {[%emt 0:01:06]} 19. Ned2 {[%emt 0:05:53]} c5 {[%emt 0:01:05]} 20. b3 {[%emt 0:00:21]} Qc6 {[%emt 0:01:35]} 21. h4 {[%emt 0:03:50]} b5 {[%emt 0:05:26]} 22. Ra1 {[%emt 0:02:27]} bxa4 {[%emt 0:01:17]} 23. Rxa4 {[%emt 0:00:09]} Bd7 {[%emt 0:01:13]} 24. Nc4 {[%emt 0:10:02]} Qc7 {[%emt 0:00:43]} 25. Ra3 {[%emt 0:03:37]} h5 {[%emt 0:04:10]} (25... a4 $142) 26. Qd2 {[%emt 0:05:03][%cal Ra3a5]} a4 {[%emt 0:01:40]} 27. e6 {[%emt 0:06:49][%mdl 64] Deflection} Bxe6 {[%emt 0:01:18]} 28. Rxe6 {[%emt 0:00:02]} fxe6 {[%emt 0:00:07]} 29. bxa4 {[%emt 0:00:48]} Rf8 {[%emt 0:13:24]} 30. Qe2 {[%emt 0:05:00]} Ra6 {[%emt 0:03:06]} 31. Ra1 {[%emt 0:01:20]} Qf4 {[%emt 0:01:23][%cal Oe6e5]} 32. a5 {[%emt 0:01:14]} e5 {[%emt 0:04:41][%cal Oe5e4]} 33. Rb1 {[%emt 0:01:12]} Raf6 {[%emt 0:03:49]} 34. Qxe5 {[%emt 0:02:38]} Qg4 {[%emt 0:00:30] [#]} 35. Qg5 {[%emt 0:02:59]} Qc8 $2 {[%emt 0:00:36]} (35... Rf5 $15 {keeps the upper hand.} 36. Qxg4 hxg4) 36. Qd5+ {[%emt 0:00:22]} Kh8 {[%emt 0:00:32]} 37. Nce5 {[%emt 0:00:23] Excellent horsemanship.} Qf5 {[%emt 0:00:50]} 38. Qxc5 {[%emt 0:02:29] White has more active pieces.} (38. Qb7 $16 {Nd7 is the strong threat.} Rd6 39. Nc4 (39. Qxe7 Re6 $17)) 38... Re6 $11 {[%emt 0:01:39][%cal Re6e5]} 39. Re1 {[%emt 0:00:55]} (39. Nxd4 Qxf2+ 40. Kh1 Rxe5 41. Qc3 Qxh4+ 42. Kg1 Qf2+ 43. Kh1 Rg5) 39... g5 {[%emt 0:02:23]} 40. hxg5 $16 {[%emt 0:00:35]} h4 $2 {[%emt 0:01:54][%mdl 8192] This costs Black the game.} 41. Qxd4 $18 {[%emt 0:11:31]} (41. Nxd4 {gets mated.} Qxf2+ 42. Kh2 Qg3+ 43. Kh1 Qxe1+ 44. Kh2 Bxe5+) 41... h3 {[%emt 0:02:04]} (41... Bxe5 $142 42. Nxe5 Kg8) 42. Qh4+ {[%emt 0:08:30]} Kg8 {[%emt 0:00:08]} 43. Qc4 {[%emt 0:06:50]} hxg2 {[%emt 0:11:57]} 44. Nd7 {[%emt 0:04:14]} ({Weaker is} 44. Kxg2 Bxe5 45. Re3 Kg7 $16) 44... Rf7 {[%emt 0:00:50]} 45. Qxe6 {[%emt 0:00:22]} Qxf3 {[%emt 0:00:04] [#]} 46. Nf6+ $1 {[%emt 0:00:17][%mdl 512] White mates.} Bxf6 {[%emt 0:09:09]} 47. g6 {[%emt 0:00:05][%cal Bg5g6,Bg6g7][%mdl 96] Pin} Kg7 {[%emt 0:04:40]} 48. Qxf7+ {[%emt 0:00:52]} Kh6 {[%emt 0:00:06]} 49. Qh7+ {[%emt 0:00:11]} Kg5 {[%emt 0:00:06]} 50. g7 {[%emt 0:00:04] Ingenious play by Pijpers!   Weighted Error Value: White=0.13 (very precise) /Black=0.41} 1-0

[Event "Tata Steel Tienkampen 2023"]
[Site "Wijk aan Zee"]
[Date "2023.01.22"]
[Round "3.5"]
[White "Beukema, Stefan"]
[Black "Lopez, Jasel"]
[Result "1-0"]
[WhiteElo "2411"]
[BlackElo "2434"]
[Annotator "TA"]
[PlyCount "81"]
[EventDate "2023.01.20"]
[EventType "swiss"]
[EventCountry "NED"]
[SourceTitle "playchess.com"]
[Source "ChessBase"]
[SourceQuality "1"]

{[%evp 14,81,43,40,58,23,59,67,78,41,54,29,36,6,51,0,50,58,57,0,7,0,0,0,0,0,0,-57,-44,-41,-61,-38,-45,-61,-27,-165,0,0,0,0,73,76,78,64,58,69,67,-23,477,490,471,468,456,423,478,492,479,455,12824,12814,12807,12808,12810,12814,12418,6355,6194,6131,5057,4134]} 1. e4 {[%emt 0:00:25]} c5 {[%emt 0:00:55]} 2. Nf3 {[%emt 0:00:37]} d6 {[%emt 0:00:40]} 3. d4 {[%emt 0:01:25]} cxd4 {[%emt 0:00:11]} 4. Nxd4 {[%emt 0:00:06]} Nf6 {[%emt 0:00:05]} 5. Nc3 {[%emt 0:00:05]} g6 {[%emt 0:00:14]} 6. Bc4 {[%emt 0:11:31]} Bg7 {[%emt 0:01:25]} 7. f3 {[%emt 0:02:25]} a6 {[%emt 0:13:37]} 8. Be3 {[%emt 0:07:03]} Nbd7 {[%emt 0:04:13] B75: Sicilian Dragon: Yugoslav Attack, Miscellaneous.} 9. Qd2 {[%emt 0:01:28]} h5 {[%emt 0:00:19]} 10. O-O-O {[%emt 0:01:11]} b5 {[%emt 0:00:38] White is slightly better.} 11. Bb3 {[%emt 0:00:45] White has more active pieces. The black rooks are badly placed.} (11. Nc6 Qc7 12. Nxe7 (12. Bd5 e6 $15) 12... Kxe7 $17) 11... Bb7 {[%emt 0:00:13] Dodges Nc6} 12. h3 {[%emt 0:04:58]} Rc8 {[%emt 0:03:40]} 13. g4 {[%emt 0:00:30]} Nb6 {[%emt 0:12:34] [#]} 14. Nde2 $146 {[%emt 0:16:36]} (14. Kb1 $14) ({Predecessor:} 14. Kb1 Nc4 15. Bxc4 Rxc4 16. Nb3 Qc7 17. Nd5 Nxd5 18. exd5 b4 19. Qd3 e6 20. dxe6 Bxf3 21. exf7+ {1-0 Acar,E (1501)-Ozkeskin,N (1578) TUR-chT 2nd League 2018 (4.16)}) 14... Nfd7 {[%emt 0:07:05]} (14... Nc4 $11 15. Bxc4 Rxc4) 15. Bd4 $14 {[%emt 0:04:34]} Ne5 {[%emt 0:01:17]} 16. Qf4 {[%emt 0:06:28]} (16. Qe1 $14) 16... e6 $1 $11 {[%emt 0:09:11]} 17. Qg3 {[%emt 0:03:30] Black must now prevent f4.} b4 {[%emt 0:10:44]} 18. Na4 {[%emt 0:01:58]} Nxa4 {[%emt 0:02:24]} 19. Bxa4+ {[%emt 0:00:09]} Kf8 $1 {[%emt 0:00:07]} (19... Bc6 $2 20. Bxc6+ Rxc6 21. f4 $18) 20. Bb3 {[%emt 0:04:35]} (20. Kb1 $11) 20... hxg4 {[%emt 0:18:46]} 21. hxg4 {[%emt 0:00:37] And now Rxh8+ would win.} Rxh1 {[%emt 0:00:22]} 22. Rxh1 {[%emt 0:00:07]} g5 {[%emt 0:00:04]} 23. Kb1 {[%emt 0:03:34]} a5 {[%emt 0:01:52]} (23... Qd7 $5 {[%cal Ra6a5]}) 24. Rd1 {[%emt 0:03:05]} (24. Ba4 $11 {and White is okay.}) 24... Qf6 $2 {[%emt 0:01:25]} (24... Qe8 $19 {...a4 would be deadly.} 25. c4 Ba6 26. Bxe5 Bxe5) 25. f4 {[%emt 0:03:25]} gxf4 {[%emt 0:00:06]} 26. Nxf4 {[%emt 0:00:05]} Bxe4 {[%emt 0:05:13] [#]} (26... Bh6 $1 $11 {keeps the balance.} 27. Nd3 Qf3) 27. Rf1 $1 $36 {[%emt 0:01:47][%cal Of4e6][%mdl 2048] Strongly threatening Nxe6+! White is on the roll.} Kg8 {[%emt 0:05:29] [#]} 28. Qe1 $1 {[%emt 0:00:49]} Bh7 {[%emt 0:00:52][%cal Oe5f3] [#]} (28... Bf3 $2 29. Nh5 Qg5 30. Nxg7 Qxg7 31. Bxe5 Qxe5 32. Qxe5 dxe5 33. Rxf3 $18) 29. Nxe6 $1 {[%emt 0:01:04][%mdl 64] Discovered Attack} Bxc2+ {[%emt 0:00:37]} 30. Ka1 {[%emt 0:02:22]} ({Better is} 30. Bxc2 $14 Qxe6 31. Bf5) 30... Qg6 $2 {[%emt 0:07:17][%mdl 8192]} (30... Nd3 $1 $11 31. Bxf6 (31. Nxg7 {gets mated.} Qxd4) 31... Bxf6) 31. Nxg7 $18 {[%emt 0:00:40] White is clearly winning.} Qxg7 {[%emt 0:03:19] [#]} (31... Bxb3 $2 32. Nf5 Qg5 33. axb3) 32. Bxf7+ {[%emt 0:00:27][%mdl 576] Deflection} Qxf7 {[%emt 0:00:18]} 33. Rxf7 {[%emt 0:00:11]} ({Worse is} 33. Bxe5 Qe6 34. Bf4 Qxe1+ 35. Rxe1 Rc4 36. Bxd6 b3 $11) 33... Kxf7 {[%emt 0:00:03]} 34. Bxe5 {[%emt 0:00:23]} dxe5 {[%emt 0:00:03]} 35. Qxe5 {[%emt 0:00:09][%mdl 4096] Endgame KQ-KRB} Bh7 {[%emt 0:02:01]} (35... Re8 $142 36. Qf4+ (36. Qxa5 $2 Re1#) 36... Kg7 37. Qc7+ Kf6 38. Qxc2 Re1+ 39. Qb1 Rxb1+ 40. Kxb1 a4) 36. Qd5+ {[%emt 0:00:25]} (36. Qxa5 $2 Rc1#) 36... Kf8 {[%emt 0:00:31]} 37. Qd6+ {[%emt 0:00:18]} (37. Qxa5 $2 Rc1#) 37... Ke8 {[%emt 0:00:08]} 38. Qe6+ {[%emt 0:00:05]} Kd8 {[%emt 0:00:04]} 39. Qf6+ {[%emt 0:00:05]} Kd7 {[%emt 0:01:32]} 40. Qf7+ {[%emt 0:00:07]} Kd6 {[%emt 0:00:08]} 41. Qxh7 {[%emt 0:00:18] Weighted Error Value: White=0.24 (precise) /Black=0.31} 1-0

[Event "Tata Steel Tienkampen 2023"]
[Site "Wijk aan Zee"]
[Date "2023.01.23"]
[Round "4.1"]
[White "Culum, Sanjin"]
[Black "Beukema, Stefan"]
[Result "0-1"]
[WhiteElo "2242"]
[BlackElo "2411"]
[Annotator "TA"]
[PlyCount "62"]
[EventDate "2023.01.20"]
[EventType "swiss"]
[EventCountry "NED"]
[SourceTitle "playchess.com"]
[Source "ChessBase"]
[SourceQuality "1"]

{[%evp 17,62,18,45,38,46,17,35,21,24,29,28,0,10,0,0,0,0,0,0,0,11,0,-1,-14,-10,-14,-12,-119,-105,-119,-87,-195,-184,-277,-269,-432,-417,-931,-918,-888,-870,-833,-814,-29981,-29981,-29991,-29992]} 1. d4 {[%emt 0:00:10]} f5 {[%emt 0:00:08]} 2. g3 {[%emt 0:00:17]} Nf6 {[%emt 0:00:06]} 3. Bg2 {[%emt 0:00:03]} d6 {[%emt 0:00:52]} 4. Nf3 {[%emt 0:00:05]} g6 {[%emt 0:00:05]} 5. O-O {[%emt 0:00:28]} Bg7 {[%emt 0:00:04]} 6. c4 {[%emt 0:00:05]} O-O {[%emt 0:00:05]} 7. Nc3 {[%emt 0:00:10]} c6 {[%emt 0:00:07]} 8. d5 {[%emt 0:00:31]} Bd7 {[%emt 0:01:19]} 9. Rb1 {[%emt 0:01:49]} a5 {[%emt 0:04:20]} 10. Nd4 {[%emt 0:14:02] A88: Dutch Defence: Leningrad System: 5 Nf3 0-0 6 0-0 d6 7 Nc3 c6.} Qe8 {[%emt 0:00:30]} 11. e4 {[%emt 0:19:17]} fxe4 {[%emt 0:03:23]} 12. Nxe4 {[%emt 0:00:23] White is slightly better.} Nxe4 {[%emt 0:00:08]} 13. Bxe4 {[%emt 0:00:05]} Na6 {[%emt 0:00:41][%cal Oa5a4] [#]} 14. Bg2 $146 {[%emt 0:04:43]} ({Predecessor:} 14. Bg5 Nc5 15. Bg2 Rc8 16. Qd2 Qf7 17. Rbe1 e6 18. dxe6 Nxe6 19. Nxe6 Bxe6 20. b3 {1-0 Goganov,A (2561)-Idani,P (2595) TUR-chT 1st League 2019 (5.1)}) 14... Nc7 $1 {[%emt 0:02:28]} 15. b3 {[%emt 0:16:02]} cxd5 {[%emt 0:06:16]} 16. cxd5 {[%emt 0:06:32]} Qf7 {[%emt 0:00:24]} 17. Ne6 {[%emt 0:04:01]} Nxe6 {[%emt 0:00:34]} 18. dxe6 {[%emt 0:00:02]} Bxe6 {[%emt 0:00:07]} (18... Qxe6 $2 19. Bd5 $18 (19. Bxb7 Qf5 $14)) 19. Be3 {[%emt 0:03:20]} d5 {[%emt 0:01:05][%cal Bd6d5,Bd5d4][%mdl 32]} 20. Bd4 $1 {[%emt 0:00:39]} Rac8 $36 {[%emt 0:03:26][%mdl 2048] Black is more active.} 21. Bxg7 {[%emt 0:03:00]} Kxg7 {[%emt 0:00:13]} 22. Qd4+ {[%emt 0:02:53]} (22. b4 $11) 22... Qf6 $17 {[%emt 0:01:58]} 23. Qa7 {[%emt 0:01:40]} Rc2 {[%emt 0:03:02] White is weak on the light squares} 24. Rbe1 {[%emt 0:04:37]} (24. Qxa5 $17 d4 25. Rbd1) 24... d4 $19 {[%emt 0:03:29]} 25. Qb6 {[%emt 0:02:28]} (25. Qxb7 $142 Rxa2 26. Qb6) 25... Bg4 {[%emt 0:03:38]} 26. Qxa5 {[%emt 0:12:40] [#]} (26. Qb5 {keeps fighting.}) 26... Be2 {[%emt 0:02:56]} ({And not} 26... Rxf2 27. Qe5 Rxf1+ 28. Bxf1 Qxe5 29. Rxe5 $17) 27. Rc1 {[%emt 0:06:19]} (27. f4 $142 Bxf1 28. Bxf1) 27... Bxf1 {[%emt 0:02:09]} 28. Rxc2 {[%emt 0:00:13]} Bxg2 {[%emt 0:00:06]} 29. Kxg2 {[%emt 0:00:56] [#]} Qf3+ $1 {[%emt 0:00:06]} ({Not} 29... d3 30. Rd2 Qd4 31. f3 $17) 30. Kf1 {[%emt 0:00:05]} d3 {[%emt 0:00:39][%cal Rf3h1]} 31. Qe5+ {[%emt 0:04:40]} Kh6 {[%emt 0:00:06] Weighted Error Value: White=0.94/Black=0.02 (flawless)} 0-1